ELLIOTT AND QUINN'S ENGLISH LEGAL SYSTEM (Record no. 216984)

MARC details
000 -LEADER
fixed length control field 00584nam a22001937a 4500
008 - FIXED-LENGTH DATA ELEMENTS--GENERAL INFORMATION
fixed length control field 260416b |||||||| |||| 00| 0 eng d
020 ## - INTERNATIONAL STANDARD BOOK NUMBER
International Standard Book Number 978-1-29243-901-3
050 ## - LIBRARY OF CONGRESS CALL NUMBER
Classification number KD 662 .A45 2024
100 ## - MAIN ENTRY--PERSONAL NAME
Personal name ALLBON, EMILY
245 ## - TITLE STATEMENT
Title ELLIOTT AND QUINN'S ENGLISH LEGAL SYSTEM
250 ## - EDITION STATEMENT
Edition statement 22
260 ## - PUBLICATION, DISTRIBUTION, ETC.
Place of publication, distribution, etc. HARLOW,
Name of publisher, distributor, etc. PEARSON EDUCATION LIMITED,
Date of publication, distribution, etc. 2024.
300 ## - PHYSICAL DESCRIPTION
Extent XXXIII,755 P, ILL
500 ## - GENERAL NOTE
General note INCLUDES BIBLIOGRAPHY AND INDEX.
650 ## - SUBJECT ADDED ENTRY
Topical term or geographic name entry element 1. LAW- ENGLAND 2. JUSTICE, ADMINISTRATION OF ENGLAND.
700 ## - ADDED ENTRY--PERSONAL NAME
Personal name DUA, SANMEET KAUR.
942 ## - ADDED ENTRY ELEMENTS (KOHA)
Source of classification or shelving scheme Library of Congress Classification
Koha item type Long Loan Book
Holdings
Withdrawn status Lost status Source of classification or shelving scheme Damaged status Not for loan Collection Home library Current library Shelving location Date acquired Inventory number Total checkouts Full call number Barcode Date last seen Copy number Price effective from Koha item type
    Library of Congress Classification     Law Kisii University Library Kisii University Library On Display 04/16/2026 113002   KD 662 .A45 2024 a001849 04/16/2026 1 04/16/2026 Long Loan Book
    Library of Congress Classification     Law Kisii University Library Kisii University Library On Display 04/16/2026 113003   KD 662 .A45 2024 a001843 04/16/2026 2 04/16/2026 Long Loan Book
    Library of Congress Classification     Law Kisii University Library Kisii University Library On Display 04/16/2026 113004   KD 662 .A45 2024 a001847 04/16/2026 3 04/16/2026 Long Loan Book
    Library of Congress Classification     Law Kisii University Library Kisii University Library On Display 04/16/2026 113005   KD 662 .A45 2024 a001846 04/16/2026 4 04/16/2026 Long Loan Book
    Library of Congress Classification     Law Kisii University Library Kisii University Library On Display 04/22/2026 113180   KD 662 . A 45 2024 A001687 04/22/2026 5 04/22/2026 Long Loan Book